000 00514nam a22001817a 4500
003 OSt
005 20220107122829.0
008 170707b xxu||||| |||| 00| 0 eng d
040 _cIIITMK
100 _aAnn Maria Philip (91615004)
_912201
245 _aText recognition from natural image using machine learning
300 _aMSCIT-Main project
502 _bMSC IT
_c2015-2017
_dINT
_eDr. Elizabeth Sherly
650 _aMACHINE LEARNING
_912202
650 _aSVM
_912203
650 _aOCR
_912204
942 _2ddc
_cPR
999 _c5705
_d5705